00913nam a2200217 a 450000100100000000500170001000800410002704000250006808200150009310000350010824501560014326000450029930000280034450000670037250400550043970000280049470000340052204900090055695201130056599900170067800002125820200930011259.0100903s1990 dr a 000 0 spa d aDO-SdBNPbspacBNPHU axxxbG633r1 aGómez Navarro, Eusebio9219213aEl rostro de Dios y del pobre :bacercamiento a San Juan de la Cruz /cEusebio Gómez Navarro, Lucio del Burgo ; presentación Juan Luis Rodríguez. aSanto Domingo :bAmigo del Hogar,c1990. a148 p. :bil. ;c22 cm. aIncluye datos biográficos de los autores en la contraportada aIncluye referencias bibliográficas ( p. 145-147)1 aBurgo, lucio del9229921 aRodríguez, Juan Luis944433 aBNPD 0010718PDaPDbPDcCTd2010-09-03iLF1l0oxxx G633rp21258-10r2020-06-25w2020-06-25yLFPDZNo se presta c20758d20758